[Event "male"]
[Site "?"]
[Date "2016.02.12"]
[Round "2.1"]
[White "Menkov, Aleksandr"]
[Black "Pershin, Denis"]
[Result "1/2-1/2"]
[LiveChessVersion "1.4.2"]
[BlackElo "2375"]
[WhiteElo "2218"]

1. Nf3 {[%clk 1:30:30]} Nf6 {[%clk 1:16:00]} 2. g3 {[%clk 1:31:19]} d5
{[%clk 1:16:05]} 3. Bg2 {[%clk 1:31:36]} c5 {[%clk 1:16:18]} 4. d3
{[%clk 1:26:40]} Nc6 {[%clk 1:16:36]} 5. O-O {[%clk 1:26:16]} e5 {[%clk 1:16:50]}
6. Nbd2 {[%clk 1:25:17]} Bd6 {[%clk 1:16:37]} 7. e4 {[%clk 1:16:52]} O-O
{[%clk 1:14:37]} 8. exd5 {[%clk 1:12:52]} Nxd5 {[%clk 1:15:01]} 9. Nc4
{[%clk 1:11:59]} Bc7 {[%clk 1:15:25]} 10. Ne3 {[%clk 0:49:23]} Nde7
{[%clk 1:15:53]} 11. Ng5 {[%clk 0:40:02]} f6 {[%clk 1:15:39]} 12. Ne4
{[%clk 0:39:46]} b6 {[%clk 1:16:04]} 13. c4 {[%clk 0:39:49]} Be6 {[%clk 1:14:04]}
14. Nc3 {[%clk 0:39:02]} Qd7 {[%clk 1:14:16]} 15. Ned5 {[%clk 0:30:08]} Rad8
{[%clk 1:13:17]} 16. a3 {[%clk 0:21:32]} Bf7 {[%clk 1:10:49]} 17. Qa4
{[%clk 0:19:01]} Bb8 {[%clk 0:58:26]} 18. Be3 {[%clk 0:16:46]} Nxd5
{[%clk 0:31:54]} 19. Nxd5 {[%clk 0:13:58]} Nd4 {[%clk 0:32:00]} 20. Qd1
{[%clk 0:10:54]} Be6 {[%clk 0:31:17]} 21. Bxd4 {[%clk 0:10:54]} cxd4
{[%clk 0:30:22]} 22. Qd2 {[%clk 0:09:50]} Kh8 {[%clk 0:26:03]} 23. Rae1
{[%clk 0:09:19]} f5 {[%clk 0:24:27]} 24. f4 {[%clk 0:08:55]} Bxd5
{[%clk 0:24:43]} 25. Bxd5 {[%clk 0:09:14]} exf4 {[%clk 0:25:12]} 26. gxf4
{[%clk 0:09:23]} Rde8 {[%clk 0:25:17]} 27. Qf2 {[%clk 0:08:49]} Bd6
{[%clk 0:17:39]} 28. Kg2 {[%clk 0:05:09]} Qd8 {[%clk 0:17:22]} 29. b4
{[%clk 0:03:48]} a5 {[%clk 0:16:37]} 30. Bc6 {[%clk 0:03:21]} Rxe1
{[%clk 0:16:23]} 31. Rxe1 {[%clk 0:03:33]} axb4 {[%clk 0:16:29]} 32. axb4
{[%clk 0:03:29]} Bxb4 {[%clk 0:16:55]} 33. Re6 {[%clk 0:03:40]} h6
{[%clk 0:13:58]} 34. Bd5 {[%clk 0:03:30]} Bc3 {[%clk 0:12:05]} 35. Qe2
{[%clk 0:02:35]} Kh7 {[%clk 0:00:42]} 36. Qh5 {[%clk 0:02:06]} Rf6
{[%clk 0:00:37]} 37. Re8 {[%clk 0:02:31]} Qd6 {[%clk 0:01:05]} 38. Bg8+
{[%clk 0:01:15]} Kh8 {[%clk 0:01:34]} 39. Bf7+ {[%clk 0:00:53]} Kh7
{[%clk 0:02:02]} 40. Bg8+ {[%clk 0:31:02]} Kh8 {[%clk 0:32:31]} 41. Bf7+
{[%clk 0:19:03]} Kh7 {[%clk 0:32:55]} 42. Bg8+ {[%clk 0:19:29]} Kh8
{[%clk 0:32:43]} 1/2-1/2

[Event "male"]
[Site "?"]
[Date "2016.02.12"]
[Round "2.2"]
[White "Sichinava, Zviad"]
[Black "Shubin, Kirill"]
[Result "1/2-1/2"]
[LiveChessVersion "1.4.2"]
[BlackElo "2219"]
[WhiteElo "2313"]

1. d4 {[%clk 1:10:24]} e6 {[%clk 1:30:57]} 2. c4 {[%clk 1:10:47]} Nf6
{[%clk 1:31:23]} 3. g3 {[%clk 1:11:12]} Bb4+ {[%clk 1:29:23]} 4. Bd2
{[%clk 1:11:25]} c5 {[%clk 1:27:51]} 5. Bxb4 {[%clk 1:10:53]} cxb4
{[%clk 1:28:16]} 6. Bg2 {[%clk 1:11:01]} O-O {[%clk 1:26:44]} 7. Nf3
{[%clk 1:11:25]} d6 {[%clk 1:21:24]} 8. O-O {[%clk 1:09:40]} Qe7 {[%clk 1:21:30]}
9. Qb3 {[%clk 1:06:44]} a5 {[%clk 1:19:14]} 10. a3 {[%clk 1:07:05]} Na6
{[%clk 1:15:26]} 11. axb4 {[%clk 1:06:54]} axb4 {[%clk 1:15:50]} 12. Nbd2
{[%clk 1:07:03]} Bd7 {[%clk 1:10:48]} 13. e4 {[%clk 1:05:16]} e5 {[%clk 1:08:51]}
14. dxe5 {[%clk 1:05:33]} dxe5 {[%clk 1:09:08]} 15. Ra5 {[%clk 1:05:43]} Be6
{[%clk 0:56:30]} 16. Rxe5 {[%clk 0:51:26]} Qc7 {[%clk 0:55:34]} 17. Qc2
{[%clk 0:50:15]} Nc5 {[%clk 0:51:10]} 18. Re1 {[%clk 0:38:02]} Rfd8
{[%clk 0:47:03]} 19. Bf1 {[%clk 0:32:03]} Bg4 {[%clk 0:37:14]} 20. h3
{[%clk 0:26:43]} Be6 {[%clk 0:33:09]} 21. Nb3 {[%clk 0:25:01]} b6
{[%clk 0:17:23]} 22. Nxc5 {[%clk 0:16:55]} bxc5 {[%clk 0:17:49]} 23. Bg2
{[%clk 0:17:12]} Rab8 {[%clk 0:16:20]} 24. b3 {[%clk 0:14:01]} g6
{[%clk 0:16:19]} 25. Rxe6 {[%clk 0:10:59]} fxe6 {[%clk 0:16:43]} 26. e5
{[%clk 0:11:26]} Ne8 {[%clk 0:16:28]} 27. Ng5 {[%clk 0:10:39]} Ng7
{[%clk 0:16:40]} 28. g4 {[%clk 0:10:45]} Rd4 {[%clk 0:15:11]} 29. Qe2
{[%clk 0:10:43]} Rbd8 {[%clk 0:14:44]} 30. Ra1 {[%clk 0:07:38]} Rd2
{[%clk 0:10:59]} 31. Qe1 {[%clk 0:06:53]} R2d3 {[%clk 0:11:14]} 32. f4
{[%clk 0:06:48]} Qd7 {[%clk 0:10:16]} 33. Kh2 {[%clk 0:06:59]} Qd4
{[%clk 0:10:07]} 34. Ne4 {[%clk 0:07:09]} Re3 {[%clk 0:09:54]} 35. Nf6+
{[%clk 0:04:11]} Kh8 {[%clk 0:10:10]} 36. Qf1 {[%clk 0:03:04]} g5
{[%clk 0:10:18]} 37. fxg5 {[%clk 0:02:36]} Qxe5+ {[%clk 0:10:45]} 38. Kh1
{[%clk 0:03:03]} Qxg5 {[%clk 0:10:20]} 39. Qf2 {[%clk 0:01:15]} Red3
{[%clk 0:08:55]} 40. Rf1 {[%clk 0:31:11]} Rd1 {[%clk 0:36:40]} 41. Ne4
{[%clk 0:29:47]} Rxf1+ {[%clk 0:36:50]} 42. Qxf1 {[%clk 0:30:12]} Qe5
{[%clk 0:36:33]} 43. h4 {[%clk 0:30:32]} h6 {[%clk 0:28:29]} 44. Qc1
{[%clk 0:24:12]} Kh7 {[%clk 0:28:26]} 45. Qb1 {[%clk 0:15:58]} Kg8
{[%clk 0:28:21]} 46. Qc1 {[%clk 0:15:35]} Rd7 {[%clk 0:21:04]} 47. Bf3
{[%clk 0:11:45]} Rd3 {[%clk 0:18:41]} 48. Bg2 {[%clk 0:09:42]} Qd4
{[%clk 0:13:08]} 49. Qf4 {[%clk 0:08:11]} Rd1+ {[%clk 0:11:50]} 50. Kh2
{[%clk 0:08:37]} Qg1+ {[%clk 0:09:35]} 51. Kh3 {[%clk 0:09:04]} Rd3+
{[%clk 0:08:58]} 52. Ng3 Qd4 {[%clk 0:06:58]} 53. Qb8+ {[%clk 0:05:57]} Qd8
{[%clk 0:07:05]} 54. Qa7 {[%clk 0:05:37]} h5 {[%clk 0:06:30]} 55. Be4
{[%clk 0:06:01]} Rxb3 {[%clk 0:04:56]} 56. gxh5 {[%clk 0:05:53]} Ra3
{[%clk 0:04:38]} 57. Qxc5 {[%clk 0:06:12]} Ra5 {[%clk 0:03:33]} 58. Qxb4
{[%clk 0:06:12]} Nxh5 {[%clk 0:03:47]} 59. Qb7 {[%clk 0:06:08]} Nf6
{[%clk 0:03:27]} 60. Bg6 {[%clk 0:06:28]} e5 {[%clk 0:02:21]} 61. Qf7+
{[%clk 0:05:28]} Kh8 {[%clk 0:02:46]} 62. Bf5 {[%clk 0:05:43]} Ra6
{[%clk 0:02:17]} 63. Qg6 {[%clk 0:05:23]} Qf8 {[%clk 0:02:37]} 64. Nh5
{[%clk 0:04:05]} Ra3+ {[%clk 0:01:56]} 65. Kh2 {[%clk 0:04:23]} Ra2+
{[%clk 0:02:18]} 66. Kh3 {[%clk 0:04:48]} Ra3+ {[%clk 0:02:44]} 67. Kh2
{[%clk 0:05:15]} 1/2-1/2

[Event "male"]
[Site "?"]
[Date "2016.02.12"]
[Round "2.3"]
[White "Khakimov, Timur"]
[Black "Bekhovskiy, Mikhail"]
[Result "1/2-1/2"]
[LiveChessVersion "1.4.2"]
[BlackElo "2216"]
[WhiteElo "2294"]

1. g3 {[%clk 1:29:41]} Nf6 {[%clk 1:30:47]} 2. Bg2 {[%clk 1:29:54]} d5
{[%clk 1:29:48]} 3. d3 {[%clk 1:29:07]} c6 {[%clk 1:29:27]} 4. Nd2
{[%clk 1:28:08]} e6 {[%clk 1:20:59]} 5. Ngf3 {[%clk 1:23:14]} Nbd7
{[%clk 1:21:09]} 6. O-O {[%clk 1:22:57]} Be7 {[%clk 1:20:25]} 7. e4
{[%clk 1:20:45]} dxe4 {[%clk 1:20:18]} 8. dxe4 {[%clk 1:19:11]} e5
{[%clk 1:19:14]} 9. Nc4 {[%clk 1:03:00]} Qc7 {[%clk 1:18:49]} 10. Nh4
{[%clk 0:58:54]} Nc5 {[%clk 1:13:56]} 11. Nf5 {[%clk 0:51:34]} O-O
{[%clk 1:11:29]} 12. Bg5 {[%clk 0:41:04]} Bxf5 {[%clk 0:48:41]} 13. exf5
{[%clk 0:41:10]} b5 {[%clk 0:39:39]} 14. Bxf6 {[%clk 0:32:33]} Bxf6
{[%clk 0:38:14]} 15. Qd6 {[%clk 0:31:47]} Qxd6 {[%clk 0:38:15]} 16. Nxd6
{[%clk 0:32:11]} Rad8 {[%clk 0:38:35]} 17. Rfd1 {[%clk 0:27:40]} Be7
{[%clk 0:37:03]} 18. Ne4 {[%clk 0:26:46]} Nxe4 {[%clk 0:30:49]} 19. Bxe4
{[%clk 0:27:06]} c5 {[%clk 0:31:07]} 20. Bd5 {[%clk 0:20:44]} Rd6
{[%clk 0:31:03]} 21. b3 {[%clk 0:19:08]} Rfd8 {[%clk 0:30:05]} 22. c4
{[%clk 0:19:09]} bxc4 {[%clk 0:30:20]} 23. bxc4 {[%clk 0:19:17]} Rb6
{[%clk 0:30:15]} 24. Rab1 {[%clk 0:18:30]} Rdb8 {[%clk 0:30:28]} 25. Rxb6
{[%clk 0:16:53]} Rxb6 {[%clk 0:30:52]} 26. Re1 {[%clk 0:16:17]} Kf8
{[%clk 0:29:59]} 27. Rxe5 {[%clk 0:09:38]} Rb2 {[%clk 0:30:23]} 28. Re3
{[%clk 0:09:13]} a5 {[%clk 0:28:12]} 29. a3 {[%clk 0:07:37]} Rb6 {[%clk 0:27:15]}
30. Kg2 {[%clk 0:05:23]} Bf6 {[%clk 0:27:39]} 31. a4 {[%clk 0:05:11]} Bd4
{[%clk 0:26:48]} 32. Rf3 {[%clk 0:03:52]} Rb4 {[%clk 0:24:19]} 33. Ra3
{[%clk 0:03:54]} Rb2 {[%clk 0:21:20]} 34. Rf3 {[%clk 0:04:13]} Rb4
{[%clk 0:21:32]} 35. Ra3 {[%clk 0:04:21]} Rb2 {[%clk 0:18:34]} 36. Rf3
{[%clk 0:04:29]} Rb4 {[%clk 0:15:06]} 1/2-1/2

[Event "male"]
[Site "?"]
[Date "2016.02.12"]
[Round "2.4"]
[White "Tarasov, Ilya"]
[Black "Artamonov, Valery"]
[Result "0-1"]
[LiveChessVersion "1.4.2"]
[BlackElo "2292"]
[WhiteElo "2209"]

1. d4 {[%clk 1:10:59]} Nf6 {[%clk 1:30:54]} 2. c4 {[%clk 1:11:22]} b6
{[%clk 1:30:14]} 3. Nf3 {[%clk 1:11:26]} Bb7 {[%clk 1:30:35]} 4. Nc3
{[%clk 1:11:19]} e6 {[%clk 1:30:31]} 5. a3 {[%clk 1:11:14]} g6 {[%clk 1:25:04]}
6. d5 {[%clk 1:09:24]} exd5 {[%clk 1:25:28]} 7. cxd5 {[%clk 1:09:49]} Bg7
{[%clk 1:25:55]} 8. g3 {[%clk 1:00:16]} O-O {[%clk 1:26:17]} 9. Bg2
{[%clk 1:00:43]} c5 {[%clk 1:26:41]} 10. O-O {[%clk 0:58:59]} d6 {[%clk 1:27:07]}
11. e4 {[%clk 0:55:58]} Nbd7 {[%clk 1:26:44]} 12. Re1 {[%clk 0:55:47]} Ne8
{[%clk 1:26:43]} 13. Bg5 {[%clk 0:54:41]} f6 {[%clk 1:26:55]} 14. Be3
{[%clk 0:52:52]} Nc7 {[%clk 1:26:52]} 15. Qb3 {[%clk 0:52:30]} Rb8
{[%clk 1:26:33]} 16. Nd2 {[%clk 0:42:08]} Ne5 {[%clk 1:21:16]} 17. f4
{[%clk 0:37:14]} Ng4 {[%clk 1:21:26]} 18. Nf3 {[%clk 0:37:42]} Nxe3
{[%clk 1:21:05]} 19. Rxe3 {[%clk 0:38:09]} b5 {[%clk 1:20:40]} 20. Rd1
{[%clk 0:37:40]} b4 {[%clk 1:20:13]} 21. axb4 {[%clk 0:37:35]} Ba6
{[%clk 1:18:58]} 22. Na2 {[%clk 0:36:04]} g5 {[%clk 1:10:23]} 23. Qa3
{[%clk 0:32:28]} gxf4 {[%clk 1:02:49]} 24. gxf4 {[%clk 0:31:19]} Bh6
{[%clk 1:02:53]} 25. bxc5 {[%clk 0:31:17]} Bxf4 {[%clk 1:03:12]} 26. Ree1
{[%clk 0:24:27]} dxc5 {[%clk 0:59:12]} 27. e5 {[%clk 0:18:55]} Rb6
{[%clk 0:53:21]} 28. e6 {[%clk 0:14:19]} Bd6 {[%clk 0:48:16]} 29. Qe3
{[%clk 0:14:40]} Qe7 {[%clk 0:47:31]} 30. Rd2 {[%clk 0:13:51]} Bb7
{[%clk 0:40:05]} 31. Nh4 {[%clk 0:08:47]} f5 {[%clk 0:40:19]} 32. Qh3
{[%clk 0:09:14]} Qg5 {[%clk 0:38:45]} 33. Nf3 {[%clk 0:07:49]} Qg7
{[%clk 0:37:29]} 34. Nc3 {[%clk 0:05:38]} Rb4 {[%clk 0:34:39]} 35. Kh1
{[%clk 0:04:47]} Rg4 {[%clk 0:33:05]} 36. Ng1 {[%clk 0:04:03]} Rf6
{[%clk 0:31:39]} 37. Bf3 {[%clk 0:02:45]} Rg5 {[%clk 0:22:07]} 38. Qf1
{[%clk 0:02:01]} Ba6 {[%clk 0:14:21]} 39. Nce2 {[%clk 0:00:38]} Rh6
{[%clk 0:14:04]} 40. Nh3 {[%clk 0:30:34]} Qe5 {[%clk 0:44:07]} 41. Nc3
{[%clk 0:12:21]} Bxf1 {[%clk 0:42:59]} 42. Rxe5 {[%clk 0:12:48]} Rxh3
{[%clk 0:42:43]} 43. Ne4 {[%clk 0:12:15]} Bxe5 {[%clk 0:22:44]} 44. Nxg5
{[%clk 0:12:30]} Bf4 {[%clk 0:23:07]} 45. Rf2 {[%clk 0:04:20]} Bxg5
{[%clk 0:23:11]} 46. Rxf1 {[%clk 0:04:41]} Be7 {[%clk 0:21:26]} 47. Bg2
{[%clk 0:01:57]} Rd3 {[%clk 0:21:41]} 48. h3 {[%clk 0:00:48]} Nxd5
{[%clk 0:21:55]} 49. Rxf5 {[%clk 0:01:01]} Rd1+ {[%clk 0:22:18]} 0-1

[Event "male"]
[Site "?"]
[Date "2016.02.12"]
[Round "2.5"]
[White "Askerov, Marat"]
[Black "Fraiman, Dmitry"]
[Result "0-1"]
[LiveChessVersion "1.4.2"]
[BlackElo "2193"]
[WhiteElo "2281"]

1. d4 {[%clk 1:30:58]} Nf6 {[%clk 1:22:49]} 2. c4 {[%clk 1:31:19]} g6
{[%clk 1:23:12]} 3. Nf3 {[%clk 1:31:44]} Bg7 {[%clk 1:23:38]} 4. g3
{[%clk 1:32:08]} O-O {[%clk 1:24:02]} 5. Bg2 {[%clk 1:32:34]} d6 {[%clk 1:24:29]}
6. O-O {[%clk 1:32:55]} Nbd7 {[%clk 1:24:53]} 7. Nc3 {[%clk 1:33:19]} e5
{[%clk 1:24:55]} 8. e4 {[%clk 1:33:42]} exd4 {[%clk 1:24:07]} 9. Nxd4
{[%clk 1:34:06]} Re8 {[%clk 1:20:26]} 10. Re1 {[%clk 1:33:50]} Nc5
{[%clk 1:20:45]} 11. h3 {[%clk 1:32:19]} c6 {[%clk 1:20:58]} 12. Bf4
{[%clk 1:23:58]} Nh5 {[%clk 1:19:27]} 13. Be3 {[%clk 1:22:20]} a5
{[%clk 1:18:20]} 14. Qd2 {[%clk 1:21:05]} a4 {[%clk 1:17:09]} 15. Rad1
{[%clk 1:20:41]} Qa5 {[%clk 1:12:57]} 16. Nde2 {[%clk 1:10:44]} Be6
{[%clk 1:11:17]} 17. g4 {[%clk 1:04:33]} Nf6 {[%clk 1:08:21]} 18. Qxd6
{[%clk 0:58:32]} Nfd7 {[%clk 0:49:32]} 19. Bd4 {[%clk 0:44:46]} Bxc4
{[%clk 0:48:41]} 20. Bxg7 {[%clk 0:43:55]} Kxg7 {[%clk 0:48:30]} 21. Qg3
{[%clk 0:26:03]} Ne5 {[%clk 0:44:01]} 22. Nf4 {[%clk 0:25:10]} Qb4
{[%clk 0:38:51]} 23. Rd4 {[%clk 0:11:20]} b5 {[%clk 0:15:34]} 24. Re2
{[%clk 0:09:58]} a3 {[%clk 0:06:40]} 25. bxa3 {[%clk 0:06:10]} Rxa3
{[%clk 0:06:28]} 26. Re3 {[%clk 0:05:52]} Qb2 {[%clk 0:04:06]} 27. Rd6
{[%clk 0:04:23]} b4 {[%clk 0:00:54]} 28. Nd1 {[%clk 0:03:29]} Qxa2
{[%clk 0:00:32]} 29. Nh5+ {[%clk 0:00:50]} gxh5 {[%clk 0:00:51]} 30. gxh5+
{[%clk 0:01:18]} Ng6 {[%clk 0:01:03]} 31. hxg6 {[%clk 0:01:15]} hxg6
{[%clk 0:01:29]} 32. Rxc6 {[%clk 0:01:03]} Ne6 {[%clk 0:01:05]} 33. Qe5+
{[%clk 0:01:01]} Kg8 {[%clk 0:01:22]} 34. Qb2 {[%clk 0:00:38]} Qxb2
{[%clk 0:00:48]} 35. Nxb2 {[%clk 0:01:07]} Rxe3 {[%clk 0:00:48]} 36. fxe3
{[%clk 0:01:35]} Ba2 {[%clk 0:00:45]} 37. Kf2 {[%clk 0:01:25]} Ng5
{[%clk 0:00:48]} 38. Ra6 {[%clk 0:00:51]} Bb3 {[%clk 0:00:34]} 39. Rb6
{[%clk 0:00:47]} Nxe4+ {[%clk 0:00:56]} 40. Bxe4 {[%clk 0:31:09]} Rxe4
{[%clk 0:31:16]} 41. Nd3 {[%clk 0:31:33]} Bc4 {[%clk 0:19:04]} 42. Nxb4
{[%clk 0:29:01]} Be6 {[%clk 0:18:51]} 43. Nc2 {[%clk 0:22:17]} Bxh3
{[%clk 0:17:56]} 44. Kf3 {[%clk 0:22:29]} Ra4 {[%clk 0:16:24]} 45. Nd4
{[%clk 0:22:52]} Ra3 {[%clk 0:15:57]} 46. Kf4 {[%clk 0:22:10]} Kg7
{[%clk 0:15:56]} 47. Rb3 {[%clk 0:21:50]} Rxb3 {[%clk 0:15:23]} 48. Nxb3
{[%clk 0:22:18]} f6 {[%clk 0:15:37]} 49. Nd4 {[%clk 0:20:46]} g5+
{[%clk 0:14:59]} 50. Kg3 {[%clk 0:21:02]} Bd7 {[%clk 0:15:20]} 51. Kf3
{[%clk 0:20:44]} Kg6 {[%clk 0:15:26]} 52. Kg3 {[%clk 0:20:30]} Kh5
{[%clk 0:15:44]} 53. Nb3 {[%clk 0:20:21]} Be6 {[%clk 0:13:59]} 54. Nd4
{[%clk 0:20:32]} Bd5 {[%clk 0:14:04]} 55. Nf5 {[%clk 0:20:58]} Be4
{[%clk 0:13:28]} 56. Nd4 {[%clk 0:21:05]} Kg6 {[%clk 0:13:18]} 57. Kg4
{[%clk 0:21:15]} Bb7 {[%clk 0:12:55]} 58. Nb5 {[%clk 0:21:32]} Bc8+
{[%clk 0:12:39]} 59. Kg3 {[%clk 0:21:55]} Be6 {[%clk 0:12:43]} 60. Nd6
{[%clk 0:21:44]} Kg7 {[%clk 0:12:29]} 61. Nb5 {[%clk 0:22:04]} Kf8
{[%clk 0:12:27]} 62. Kf3 {[%clk 0:21:38]} Ke7 {[%clk 0:12:48]} 63. Ke4
{[%clk 0:21:59]} Bd7 {[%clk 0:12:32]} 64. Nd4 {[%clk 0:22:03]} Kd6
{[%clk 0:12:50]} 65. Ne2 {[%clk 0:21:57]} f5+ {[%clk 0:12:04]} 66. Kf3
{[%clk 0:22:05]} Bc6+ {[%clk 0:12:10]} 67. Kf2 {[%clk 0:22:30]} Ke5
{[%clk 0:12:26]} 68. Ng1 {[%clk 0:21:53]} Bd5 {[%clk 0:10:11]} 69. Nh3
{[%clk 0:22:13]} Kf6 {[%clk 0:10:27]} 70. Kg3 {[%clk 0:22:37]} Bb3
{[%clk 0:10:21]} 71. Ng1 {[%clk 0:22:35]} Bd1 {[%clk 0:10:42]} 72. Nh3
{[%clk 0:22:53]} Kg6 {[%clk 0:09:48]} 73. Nf2 {[%clk 0:23:14]} Be2
{[%clk 0:10:01]} 74. Nh3 {[%clk 0:23:37]} Kh5 {[%clk 0:09:51]} 75. Kg2
{[%clk 0:21:46]} Kh4 {[%clk 0:09:20]} 76. Nf2 {[%clk 0:22:11]} g4
{[%clk 0:08:42]} 77. Kg1 {[%clk 0:18:17]} g3 {[%clk 0:07:10]} 78. e4
{[%clk 0:17:16]} f4 {[%clk 0:06:01]} 0-1

[Event "male"]
[Site "?"]
[Date "2016.02.12"]
[Round "2.6"]
[White "Goldobin, Mikhail"]
[Black "Timerkhanov, Alexander"]
[Result "0-1"]
[LiveChessVersion "1.4.2"]
[BlackElo "2251"]
[WhiteElo "2172"]

1. d4 {[%clk 1:30:58]} d5 {[%clk 1:30:52]} 2. c4 {[%clk 1:31:01]} c6
{[%clk 1:31:18]} 3. cxd5 {[%clk 1:30:43]} cxd5 {[%clk 1:31:44]} 4. Nc3
{[%clk 1:31:08]} Nc6 {[%clk 1:32:11]} 5. Bf4 {[%clk 1:31:32]} e5 {[%clk 1:32:36]}
6. Bxe5 {[%clk 1:25:18]} Nxe5 {[%clk 1:33:01]} 7. dxe5 {[%clk 1:25:44]} d4
{[%clk 1:33:27]} 8. Qa4+ {[%clk 1:02:15]} b5 {[%clk 1:31:03]} 9. Nxb5
{[%clk 0:55:49]} Bd7 {[%clk 1:31:21]} 10. Qa6 {[%clk 0:46:35]} Bb4+
{[%clk 1:31:22]} 11. Kd1 {[%clk 0:47:03]} Rb8 {[%clk 1:28:08]} 12. Na3
{[%clk 0:32:13]} Ne7 {[%clk 1:14:11]} 13. Nf3 {[%clk 0:32:31]} O-O
{[%clk 1:12:09]} 14. Rc1 {[%clk 0:21:52]} Rb6 {[%clk 1:08:25]} 15. Qc4
{[%clk 0:17:14]} Be6 {[%clk 1:07:30]} 16. Qc2 {[%clk 0:16:30]} Qd7
{[%clk 0:54:16]} 17. Nc4 {[%clk 0:11:54]} Rc6 {[%clk 0:54:42]} 18. Qd3
{[%clk 0:08:34]} Rd8 {[%clk 0:47:35]} 19. Nfd2 {[%clk 0:05:30]} Qc7
{[%clk 0:45:50]} 20. b3 {[%clk 0:04:50]} Ng6 {[%clk 0:43:15]} 21. Qg3
{[%clk 0:01:27]} Bxd2 {[%clk 0:42:06]} 22. Kxd2 {[%clk 0:01:55]} Bxc4
{[%clk 0:42:11]} 23. Rxc4 {[%clk 0:02:16]} Rxc4 {[%clk 0:42:36]} 24. bxc4
{[%clk 0:02:44]} Nxe5 {[%clk 0:42:23]} 25. f4 {[%clk 0:01:17]} Qa5+
{[%clk 0:42:35]} 0-1

[Event "male"]
[Site "?"]
[Date "2016.02.12"]
[Round "2.7"]
[White "Abramov, Nikita"]
[Black "Vunder, Andrey"]
[Result "1-0"]
[LiveChessVersion "1.4.2"]
[BlackElo "2171"]
[WhiteElo "2238"]

1. c4 {[%clk 1:30:57]} e6 {[%clk 1:30:50]} 2. Nf3 {[%clk 1:30:44]} d5
{[%clk 1:31:11]} 3. g3 {[%clk 1:31:10]} Nf6 {[%clk 1:31:33]} 4. Bg2
{[%clk 1:31:36]} Be7 {[%clk 1:31:28]} 5. O-O {[%clk 1:32:00]} O-O
{[%clk 1:31:47]} 6. d4 {[%clk 1:32:16]} dxc4 {[%clk 1:31:55]} 7. Qa4
{[%clk 1:31:49]} a6 {[%clk 1:32:12]} 8. Qxc4 {[%clk 1:32:12]} b5 {[%clk 1:32:39]}
9. Qc2 {[%clk 1:32:35]} Bb7 {[%clk 1:33:03]} 10. Bd2 {[%clk 1:32:52]} Be4
{[%clk 1:33:15]} 11. Qc1 {[%clk 1:33:17]} c6 {[%clk 1:33:32]} 12. Rd1
{[%clk 1:25:46]} Nbd7 {[%clk 1:33:36]} 13. Nc3 {[%clk 1:21:09]} Bg6
{[%clk 1:33:49]} 14. Ne5 {[%clk 1:09:58]} Nxe5 {[%clk 1:33:54]} 15. dxe5
{[%clk 1:10:18]} Nd5 {[%clk 1:34:14]} 16. e4 {[%clk 1:08:20]} Nxc3
{[%clk 1:33:21]} 17. Qxc3 {[%clk 1:08:05]} Qc7 {[%clk 1:32:24]} 18. f4
{[%clk 0:57:22]} Bh5 {[%clk 1:22:02]} 19. Re1 {[%clk 0:54:49]} Rad8
{[%clk 1:20:45]} 20. h3 {[%clk 0:48:38]} f6 {[%clk 1:20:30]} 21. exf6
{[%clk 0:47:47]} gxf6 {[%clk 1:20:34]} 22. Be3 {[%clk 0:40:40]} c5
{[%clk 1:20:17]} 23. a4 {[%clk 0:37:06]} Be8 {[%clk 1:18:28]} 24. axb5
{[%clk 0:35:33]} Bxb5 {[%clk 1:18:33]} 25. Red1 {[%clk 0:31:34]} Be2
{[%clk 1:16:38]} 26. Rd2 {[%clk 0:29:44]} Rxd2 {[%clk 1:16:35]} 27. Qxd2
{[%clk 0:30:10]} Bb5 {[%clk 1:16:44]} 28. Rc1 {[%clk 0:29:08]} c4
{[%clk 1:07:04]} 29. Qf2 {[%clk 0:22:56]} Rc8 {[%clk 1:06:52]} 30. Kh1
{[%clk 0:22:37]} Bc5 {[%clk 1:06:22]} 31. Bxc5 {[%clk 0:20:49]} Qxc5
{[%clk 1:06:46]} 32. Qf3 {[%clk 0:20:39]} Rd8 {[%clk 1:02:16]} 33. Qg4+
{[%clk 0:20:19]} Kf7 {[%clk 1:02:32]} 34. Qh4 {[%clk 0:18:51]} Kg7
{[%clk 0:57:49]} 35. e5 {[%clk 0:18:59]} Rf8 {[%clk 0:48:48]} 36. Qg4+
{[%clk 0:19:06]} Kf7 {[%clk 0:48:56]} 37. exf6 {[%clk 0:18:49]} Kxf6
{[%clk 0:45:59]} 38. Re1 {[%clk 0:18:36]} Qf5 {[%clk 0:45:45]} 39. Qh4+
{[%clk 0:18:50]} Kf7 {[%clk 0:40:16]} 40. Be4 {[%clk 0:48:59]} Qc5
{[%clk 1:08:59]} 41. Qxh7+ {[%clk 0:49:02]} Ke8 {[%clk 1:09:14]} 42. Bf3
{[%clk 0:46:50]} Bd7 {[%clk 1:07:48]} 43. Rd1 {[%clk 0:45:19]} Bc6
{[%clk 1:07:43]} 44. Bxc6+ {[%clk 0:43:00]} Qxc6+ {[%clk 1:08:04]} 45. Kh2
{[%clk 0:43:25]} Qb5 {[%clk 1:05:08]} 46. Rd2 {[%clk 0:43:18]} Qc6
{[%clk 1:00:44]} 47. h4 {[%clk 0:43:10]} Rf7 {[%clk 1:00:12]} 48. Qg8+
{[%clk 0:43:08]} Rf8 {[%clk 1:00:33]} 49. Qg6+ {[%clk 0:43:33]} Ke7
{[%clk 1:00:40]} 50. Qg7+ {[%clk 0:41:52]} Rf7 {[%clk 1:00:42]} 51. Qg5+
{[%clk 0:42:06]} Rf6 {[%clk 1:00:49]} 52. h5 {[%clk 0:41:20]} Qb5
{[%clk 0:59:00]} 53. h6 {[%clk 0:36:50]} Qf5 {[%clk 0:59:19]} 54. Qh4
{[%clk 0:34:03]} Qh7 {[%clk 0:56:51]} 55. Rd7+ {[%clk 0:34:27]} Kxd7
{[%clk 0:57:12]} 56. Qxf6 {[%clk 0:34:53]} Qc2+ {[%clk 0:57:05]} 57. Kh3
{[%clk 0:35:19]} Qe2 {[%clk 0:57:12]} 58. Qf7+ {[%clk 0:35:08]} Kd6
{[%clk 0:57:26]} 59. h7 {[%clk 0:35:24]} Kd5 1-0